Welcome to the Holygrace Academy Library

Please use search bar below to get started

LEARN ABOUT STAMP COLLECTING (Record no. 1837)

MARC details
000 -LEADER
fixed length control field 00302nam a22001337a 4500
020 ## - INTERNATIONAL STANDARD BOOK NUMBER
ISBN 0-7214-0235-6
082 ## - DEWEY DECIMAL CLASSIFICATION NUMBER
Classification number 001
Item number FIN/S
100 ## - MAIN ENTRY--AUTHOR NAME
Personal name FIN, IAN F
245 ## - TITLE STATEMENT
Title LEARN ABOUT STAMP COLLECTING
260 ## - PUBLICATION, DISTRIBUTION, ETC. (IMPRINT)
Place of publication ENGLAND
Name of publisher LADYBIRD
300 ## - PHYSICAL DESCRIPTION
Number of Pages 52
650 ## - SUBJECT ADDED ENTRY--TOPICAL TERM
Topical Term ABOUT STAMP COLLECTING
Geographic subdivision ENGLAND
942 ## - ADDED ENTRY ELEMENTS (KOHA)
Koha item type Books
Holdings
Withdrawn status Lost status Collection code Home library Current library Shelving location Date acquired Source of acquisition Full call number Accession Number Koha item type
    Reference Main Library Main Library SHELF 3- A- LADY BIRD STORY BOOKS 27/03/2014 PURCHASE 001 FIN/S 08324 Books